| 000 | 00891nam a22002297a 4500 | ||
|---|---|---|---|
| 999 |
_c1256 _d1256 |
||
| 003 | AR-CdUCM | ||
| 008 | 190226b ||||| |||| 00| 0 spa d | ||
| 040 |
_aMUNICIPALIDAD PROVINCIAL DEL CUSCO _cBIBLIOTECA MUNICIPAL DEL CUSCO |
||
| 082 |
_a331.481 / _bS57 |
||
| 100 |
_aSindicato de Trabajadoras del Hogar (Cusco) _94881 |
||
| 245 |
_aBasta: _btestimonios / |
||
| 260 |
_aCusco : _bCentro de Estudios Rurales Andinos "Bartolomé de las Casas", _c1982. |
||
| 300 |
_a254 páginas ; _bilustraciones, fotos ; _c23 cm. |
||
| 440 |
_aBiblioteca de la tradición oral andina _n4 _94882 |
||
| 505 | _aTestimonios de trabajadoras del hogar. | ||
| 650 |
_aAspectos sociales _9262 |
||
| 650 |
_aServicio doméstico _94883 |
||
| 650 |
_aTestimonios _9915 |
||
| 700 |
_aCentro de Estudios Rurales Andinos Bartolomé de Las Casas (Cusco) _94884 |
||
| 942 |
_2ddc _cLIBROS |
||
| 945 |
_araen _d2019-02-26 |
||